[Event "EU-ch U16 26th"]
[Site "Prague"]
[Date "2016.08.24"]
[Round "6"]
[White "Mouthuy, Jacky Long"]
[Black "Nemec, Jakub"]
[Result "0-1"]
[WhiteElo "1564"]
[BlackElo "1563"]
[PlyCount "48"]
[EventDate "2016.08.18"]
[EventType "swiss"]
[EventRounds "9"]
[EventCountry "CZE"]
[SourceTitle "CBM 174 Extra"]
[Source "ChessBase"]
[SourceDate "2016.10.10"]
[SourceVersion "1"]
[SourceVersionDate "2016.10.10"]
[SourceQuality "1"]

1. e4 c5 2. c3 d5 3. exd5 Qxd5 4. d4 Nc6 5. Nf3 Bg4 6. Be2 e6 7. Be3 cxd4 8. cxd4 Nf6 9. Nc3 Qd6 10. 0-0 Be7 11. Nb5 Qb8 12. Qc1 Nd5 13. Bg5 0-0 14. Bxe7 Ndxe7 15. Qg5 Bxf3 16. Bxf3 a6 17. Nc3 h6 18. Qc5 Rd8 19. d5 exd5 20. Nxd5 Nxd5 21. Bxd5 Qe5 22. Rfd1 Rd7 23. Bxf7+ Rxf7 24. f3 Qxc5+ 0-1

[Event "EU-ch U16 26th"]
[Site "Prague"]
[Date "2016.08.18"]
[Round "1"]
[White "Nemec, Jakub"]
[Black "Paiva, Henrique MA Alberg"]
[Result "0-1"]
[WhiteElo "1563"]
[BlackElo "2121"]
[PlyCount "88"]
[EventDate "2016.08.18"]
[EventType "swiss"]
[EventRounds "9"]
[EventCountry "CZE"]
[SourceTitle "CBM 174 Extra"]
[Source "ChessBase"]
[SourceDate "2016.10.10"]
[SourceVersion "1"]
[SourceVersionDate "2016.10.10"]
[SourceQuality "1"]

1. d4 d5 2. Nf3 c6 3. Bg5 Nd7 4. Nbd2 Ngf6 5. e3 e6 6. Bd3 Be7 7. 0-0 0-0 8. h3 c5 9. c3 Qb6 10. Rb1 Re8 11. Bf4 Bd6 12. Ne5 Qc7 13. Nxd7 Nxd7 14. Bxd6 Qxd6 15. f4 f5 16. Nf3 Nf6 17. Ne5 c4 18. Bc2 Bd7 19. Nxd7 Qxd7 20. b3 Red8 21. b4 b5 22. a4 a6 23. a5 Qf7 24. Kh2 h6 25. Qe2 Rab8 26. Rf2 Qc7 27. Rg1 h5 28. g3 Kf7 29. Kg2 Rh8 30. h4 Ng4 31. Rf3 Rh6 32. Kh3 Qe7 33. Bd1 Rbh8 34. Qf1 Rg6 35. Qe2 Ke8 36. Qf1 Rhh6 37. Qe2 Nf6 38. Bc2 Qd7 39. Kh2 Rg4 40. Bb1 Qe7 41. Kh3 Rhg6 42. Qf2 Ne4 43. Bxe4 dxe4 44. Qe1 exf3 0-1

[Event "Brno Duras op"]
[Site "Brno"]
[Date "2015.06.30"]
[Round "4"]
[White "Nemec, Jakub"]
[Black "Randak, Richard"]
[Result "1-0"]
[WhiteElo "1540"]
[BlackElo "1446"]
[PlyCount "57"]
[EventDate "2015.06.27"]
[EventType "swiss"]
[EventRounds "9"]
[EventCountry "CZE"]
[SourceTitle "CBM 167 Extra"]
[Source "ChessBase"]
[SourceDate "2015.09.14"]
[SourceVersion "1"]
[SourceVersionDate "2015.09.14"]
[SourceQuality "1"]

1. e4 c5 2. c3 Nc6 3. d4 cxd4 4. cxd4 d6 5. Nf3 Nf6 6. Nc3 Qb6 7. h3 g6 8. Be2 Bg7 9. 0-0 0-0 10. Rb1 a6 11. Be3 Qd8 12. Qc2 d5 13. e5 Bf5 14. Qd2 Bxb1 15. exf6 Bxf6 16. Rxb1 Qd7 17. Bg5 Bg7 18. Bh6 Rfd8 19. Bxg7 Kxg7 20. Nd1 Rac8 21. Ne3 h5 22. Nh4 Qd6 23. Nef5+ gxf5 24. Nxf5+ Kg6 25. Nxd6 Rxd6 26. h4 f6 27. Qd3+ Kh6 28. Bxh5 Kxh5 29. Qf5+ 1-0

[Event "Brno Duras op"]
[Site "Brno"]
[Date "2015.06.27"]
[Round "1"]
[White "Kopecek, Ivan"]
[Black "Nemec, Jakub"]
[Result "1/2-1/2"]
[WhiteElo "1955"]
[BlackElo "1540"]
[PlyCount "62"]
[EventDate "2015.06.27"]
[EventType "swiss"]
[EventRounds "9"]
[EventCountry "CZE"]
[SourceTitle "CBM 167 Extra"]
[Source "ChessBase"]
[SourceDate "2015.09.14"]
[SourceVersion "1"]
[SourceVersionDate "2015.09.14"]
[SourceQuality "1"]

1. d4 d5 2. Nf3 Nf6 3. e3 c6 4. Bd3 Nbd7 5. Nbd2 e6 6. e4 dxe4 7. Nxe4 Be7 8. 0-0 0-0 9. c3 h6 10. Qe2 b5 11. b3 a6 12. Bb2 Bb7 13. Rfe1 c5 14. Rad1 Bxe4 15. Bxe4 Nxe4 16. Qxe4 c4 17. Qe2 Nb6 18. Ne5 Qc7 19. Qf3 Nd5 20. Qh3 Bf6 21. Re4 Rac8 22. b4 Bxe5 23. dxe5 Rfd8 24. Rde1 Nb6 25. Qh5 Na4 26. Qe2 Qc6 27. Re3 Rc7 28. Bc1 Rcd7 29. h3 Rd3 30. Rxd3 Rxd3 31. Qg4 Kh7 1/2-1/2

[Event "Brno op 5th"]
[Site "Brno"]
[Date "2014.11.21"]
[Round "8"]
[White "Veznik, Michael"]
[Black "Nemec, Jakub"]
[Result "1/2-1/2"]
[WhiteElo "1839"]
[BlackElo "1523"]
[PlyCount "112"]
[EventDate "2014.11.15"]
[EventType "swiss"]
[EventRounds "9"]
[EventCountry "CZE"]
[SourceTitle "CBM 163 Extra"]
[Source "ChessBase"]
[SourceDate "2014.12.23"]
[SourceVersion "1"]
[SourceVersionDate "2014.12.23"]
[SourceQuality "1"]

1. b3 c5 2. Bb2 Nc6 3. c4 Nf6 4. Nf3 e6 5. g3 d5 6. Bg2 Be7 7. 0-0 0-0 8. d3 Qc7 9. a3 b6 10. Qc2 Bb7 11. Nbd2 Rad8 12. Rac1 d4 13. e4 e5 14. Rce1 Nd7 15. Bh3 Bc8 16. Kg2 Ndb8 17. Ng1 f6 18. Ndf3 f5 19. Bxf5 Bxf5 20. exf5 Rxf5 21. Re4 Nd7 22. Nh4 Rf7 23. Qd1 Rdf8 24. Bc1 Qd8 25. Nh3 Nf6 26. Ree1 Nd7 27. Qg4 Nf6 28. Qe6 Qc8 29. Ng5 Qxe6 30. Nxe6 Rc8 31. Nf5 Ne8 32. Nxe7+ Rxe7 33. Ng5 Nf6 34. Ne4 Nxe4 35. Rxe4 a6 36. Rfe1 Rce8 37. Bg5 Re6 38. f4 Kf7 39. f5 Rd6 40. g4 b5 41. h4 bxc4 42. bxc4 Rb8 43. Bc1 Rd7 44. R4e2 Rdb7 45. Kf3 Rb3 46. Ke4 Rd8 47. Rf2 Na5 48. Ree2 Nxc4 49. dxc4 d3 50. Rb2 Rc3 51. Rb7+ Kf8 52. Bd2 Rxc4+ 53. Kxe5 Rcd4 54. f6 R8d5+ 55. Ke6 Rd6+ 56. Ke5 R6d5+ 1/2-1/2

[Event "Brno Duras op-B"]
[Site "Brno"]
[Date "2014.07.01"]
[Round "4"]
[White "Baraniuk, Andrej"]
[Black "Nemec, Jakub"]
[Result "1/2-1/2"]
[WhiteElo "1678"]
[BlackElo "1403"]
[PlyCount "56"]
[EventDate "2014.06.28"]
[EventType "swiss"]
[EventRounds "9"]
[EventCountry "CZE"]
[SourceTitle "EXT 2017"]
[Source "ChessBase"]
[SourceDate "2016.10.25"]
[SourceVersion "1"]
[SourceVersionDate "2016.10.25"]
[SourceQuality "1"]

1. Nf3 c5 2. c4 Nc6 3. Nc3 Nf6 4. d4 cxd4 5. Nxd4 e6 6. a3 Bc5 7. Nb3 Be7 8. g3 b6 9. Bg2 Bb7 10. 0-0 0-0 11. e4 Ne5 12. Qe2 d6 13. Bf4 Qc7 14. Nd2 a6 15. Rac1 Rac8 16. b3 Rfd8 17. Rfd1 Rd7 18. a4 Nc6 19. Nf3 Qd8 20. Rc2 h6 21. Rcd2 Nb4 22. e5 Ne8 23. exd6 Bf6 24. Ne4 Bxe4 25. Qxe4 Bc3 26. Re2 Nc6 27. Ne5 Bxe5 28. Bxe5 Nxd6 1/2-1/2

[Event "Brno Duras op-B"]
[Site "Brno"]
[Date "2014.06.30"]
[Round "3"]
[White "Nemec, Jakub"]
[Black "Senasi, Martin"]
[Result "1/2-1/2"]
[WhiteElo "1403"]
[BlackElo "1695"]
[PlyCount "123"]
[EventDate "2014.06.28"]
[EventType "swiss"]
[EventRounds "9"]
[EventCountry "CZE"]
[SourceTitle "EXT 2017"]
[Source "ChessBase"]
[SourceDate "2016.10.25"]
[SourceVersion "1"]
[SourceVersionDate "2016.10.25"]
[SourceQuality "1"]

1. e4 e5 2. Nf3 Nc6 3. d4 exd4 4. Nxd4 Bc5 5. Nb3 Bb6 6. Bd3 d6 7. Nc3 Nf6 8. Bg5 h6 9. Bh4 g5 10. Bg3 Be6 11. 0-0 Qd7 12. Na4 Bd4 13. Nxd4 Nxd4 14. Nc3 h5 15. e5 Ng4 16. h3 Nxe5 17. Ne4 0-0-0 18. Nxg5 Nec6 19. Bh4 Rdg8 20. Kh2 Nf5 21. Nxe6 Nxh4 22. Nf4 Ne5 23. Be4 c6 24. g3 f5 25. Bh1 Nhg6 26. Nxg6 Rxg6 27. f4 Nf7 28. Bf3 Kc7 29. h4 Nh6 30. Bxh5 Ng4+ 31. Bxg4 Rxg4 32. Qe1 Qg7 33. c3 Rgxh4+ 34. gxh4 Qg4 35. Qg3 Rxh4+ 36. Kg2 Qe2+ 37. Rf2 Qe4+ 38. Qf3 Qc4 39. Re2 Rg4+ 40. Kh1 Rxf4 41. b3 Rxf3 42. bxc4 Rxc3 43. Re7+ Kb6 44. Rb1+ Kc5 45. Rexb7 Ra3 46. R1b2 Kxc4 47. Rf7 Kc3 48. Rf2 d5 49. R7xf5 Kc4 50. Rf6 c5 51. Kg1 d4 52. Kf1 a5 53. Ke1 Kc3 54. Kd1 c4 55. Kc1 Ra4 56. Rb6 d3 57. Rbb2 Kd4 58. Rh2 Ke4 59. Kd2 Ra3 60. Kd1 c3 61. Rbg2 c2+ 62. Rxc2 1/2-1/2

[Event "Morava-ch U14"]
[Site "Kouty nad Desnou"]
[Date "2012.10.24"]
[Round "1"]
[White "Kubosova, Jana"]
[Black "Nemec, Jakub"]
[Result "1-0"]
[WhiteElo "1614"]
[BlackElo "1256"]
[PlyCount "49"]
[EventDate "2012.10.24"]
[EventType "swiss"]
[EventRounds "9"]
[EventCountry "CZE"]
[SourceTitle "EXT 2015"]
[Source "ChessBase"]
[SourceDate "2014.11.20"]
[SourceVersion "1"]
[SourceVersionDate "2014.11.20"]
[SourceQuality "1"]

1. d4 d5 2. Bg5 Nf6 3. Bxf6 exf6 4. e3 Be7 5. c4 c6 6. Nc3 f5 7. Qb3 Na6 8. cxd5 cxd5 9. Bxa6 bxa6 10. Qxd5 Qxd5 11. Nxd5 Bd6 12. Nf3 Bb7 13. Nc3 Rc8 14. 0-0 a5 15. Nb5 Ke7 16. Nxd6 Kxd6 17. Ne5 Bd5 18. b3 Rc2 19. Rfc1 Rhc8 20. Nc4+ R2xc4 21. bxc4 Bxc4 22. Rc2 Be6 23. Rxc8 Bxc8 24. Rc1 Be6 25. a3 1-0

[Event "Brno Duras op-B"]
[Site "Brno"]
[Date "2012.06.30"]
[Round "9"]
[White "Glozar, Petr"]
[Black "Nemec, Jakub"]
[Result "1-0"]
[WhiteElo "1250"]
[BlackElo "1250"]
[PlyCount "51"]
[EventDate "2012.06.23"]
[EventType "tourn"]
[EventRounds "9"]
[EventCountry "CZE"]
[SourceTitle "CBM 149 Extra"]
[Source "ChessBase"]
[SourceDate "2012.08.24"]
[SourceVersion "1"]
[SourceVersionDate "2012.08.24"]
[SourceQuality "1"]

1. e4 c5 2. Nf3 d6 3. d4 cxd4 4. Nxd4 e6 5. Bb5+ Bd7 6. Bxd7+ Qxd7 7. 0-0 Nf6 8. Nc3 Be7 9. f4 Nc6 10. Nxc6 Qxc6 11. e5 dxe5 12. fxe5 Qc5+ 13. Kh1 Qxe5 14. Bf4 Qh5 15. Ne4 Qxd1 16. Nxf6+ Bxf6 17. Raxd1 Bxb2 18. Rb1 e5 19. Rxb2 exf4 20. Re1+ Kf8 21. Rxb7 g6 22. Ree7 Rd8 23. h3 Rd2 24. Rxf7+ Ke8 25. Rxf4 Rd7 26. Re4+ 1-0

[Event "Brno Duras op-B"]
[Site "Brno"]
[Date "2012.06.23"]
[Round "1"]
[White "Holemar, Kamil"]
[Black "Nemec, Jakub"]
[Result "1-0"]
[WhiteElo "1800"]
[BlackElo "1250"]
[PlyCount "61"]
[EventDate "2012.06.23"]
[EventType "tourn"]
[EventRounds "9"]
[EventCountry "CZE"]
[SourceTitle "CBM 149 Extra"]
[Source "ChessBase"]
[SourceDate "2012.08.24"]
[SourceVersion "1"]
[SourceVersionDate "2012.08.24"]
[SourceQuality "1"]

1. e3 c5 2. c3 d6 3. Ne2 Nc6 4. Ng3 e6 5. b3 Nf6 6. Be2 Be7 7. a3 b6 8. Nh5 Nxh5 9. Bxh5 Bf6 10. f4 e5 11. Bf3 Bb7 12. 0-0 exf4 13. exf4 0-0 14. Bd5 b5 15. Ra2 Qd7 16. Qf3 Nd8 17. a4 bxa4 18. Rxa4 Bxd5 19. Qxd5 Qc6 20. Qd3 Ne6 21. Ra6 Qc7 22. f5 Nd8 23. Qxd6 Qxd6 24. Rxd6 Nb7 25. Ra6 Rfe8 26. Na3 Bd8 27. Nc4 Re7 28. Ba3 Re2 29. Ra1 Be7 30. Nb6 Bd6 31. Nxa8 1-0